A majmok inferior temporális (IT) neuronjaink válasza hiányos vonalas rajzokra [absztrakt] /

Elmentve itt :
Bibliográfiai részletek
Szerző: Chadaide Zoltán
Testületi szerző: Szent-Györgyi Albert Orvostudományi Egyetem : Házi Tudományos Diákköri Konferencia
Dokumentumtípus: Könyv része
Megjelent: Szent-Györgyi Albert Orvostudományi Egyetem Szeged 1999
Sorozat:Szent-Györgyi Albert Orvostudományi Egyetem : Házi Tudományos Diákköri Konferencia
Kulcsszavak:Kognitív idegtudomány - előadáskivonat, Vizuális feldolgozás - előadáskivonat
Tárgyszavak:
Online Access:http://acta.bibl.u-szeged.hu/88476
LEADER 01091naa a2200217 i 4500
001 acta88476
005 20250910153453.0
008 250910s1999 hu o 100 hun d
040 |a SZTE Egyetemi Kiadványok Repozitórium  |b hun 
041 |a hun 
100 1 |a Chadaide Zoltán 
245 1 2 |a A majmok inferior temporális (IT) neuronjaink válasza hiányos vonalas rajzokra   |h [elektronikus dokumentum] :  |b [absztrakt] /  |c  Chadaide Zoltán 
260 |a Szent-Györgyi Albert Orvostudományi Egyetem  |b Szeged  |c 1999 
490 0 |a Szent-Györgyi Albert Orvostudományi Egyetem : Házi Tudományos Diákköri Konferencia 
650 4 |a Természettudományok 
650 4 |a Biológiai tudományok 
650 4 |a Orvos- és egészségtudomány 
650 4 |a Általános orvostudomány 
695 |a Kognitív idegtudomány - előadáskivonat, Vizuális feldolgozás - előadáskivonat 
711 |a Szent-Györgyi Albert Orvostudományi Egyetem : Házi Tudományos Diákköri Konferencia  |c Szeged  |d 1999. február 18-20. 
856 4 0 |u http://acta.bibl.u-szeged.hu/88476/1/szote_htdk_1999_006.pdf  |z Dokumentum-elérés